Welcome to CU Library Online Public Access Catalogue (OPAC)

Statistics : (Record no. 1107)

MARC details
000 -LEADER
fixed length control field 00910pam a2200241 a 4500
001 - CONTROL NUMBER
control field 549697
005 - DATE AND TIME OF LATEST TRANSACTION
control field 20241113121303.0
008 - FIXED-LENGTH DATA ELEMENTS--GENERAL INFORMATION
fixed length control field 881212s1989 enka b 001 0 eng
020 ## - INTERNATIONAL STANDARD BOOK NUMBER
International Standard Book Number 0471922943 :
Terms of availability $56.00 (est.)
020 ## - INTERNATIONAL STANDARD BOOK NUMBER
International Standard Book Number 0471922951 (pbk.) :
Terms of availability $21.00 (est.)
050 00 - LIBRARY OF CONGRESS CALL NUMBER
Classification number QC174.8
Item number .B365 1989
082 00 - DEWEY DECIMAL CLASSIFICATION NUMBER
Classification number 530.1/595
Edition information 19
100 1# - MAIN ENTRY--PERSONAL NAME
Personal name Barlow, Roger
Fuller form of name (Roger J.)
245 10 - TITLE STATEMENT
Title Statistics :
Remainder of title a guide to the use of statistical methods in the physical sciences /
Statement of responsibility, etc. Roger Barlow.
260 ## - PUBLICATION, DISTRIBUTION, ETC.
Place of publication, distribution, etc. Chichester, England ;
-- New York :
Name of publisher, distributor, etc. Wiley,
Date of publication, distribution, etc. c1989.
300 ## - PHYSICAL DESCRIPTION
Extent xv, 204 p. :
Other physical details ill. ;
Dimensions 24 cm.
440 #4 - SERIES STATEMENT/ADDED ENTRY--TITLE
Title The Manchester physics series
500 ## - GENERAL NOTE
General note Includes index.
650 #0 - SUBJECT ADDED ENTRY--TOPICAL TERM
Topical term or geographic name entry element Statistical physics.
856 42 - ELECTRONIC LOCATION AND ACCESS
Materials specified Publisher description
Uniform Resource Identifier <a href="http://www.loc.gov/catdir/description/wiley035/88033908.html">http://www.loc.gov/catdir/description/wiley035/88033908.html</a>
856 4# - ELECTRONIC LOCATION AND ACCESS
Materials specified Table of Contents
Uniform Resource Identifier <a href="http://www.loc.gov/catdir/toc/onix06/88033908.html">http://www.loc.gov/catdir/toc/onix06/88033908.html</a>
942 ## - ADDED ENTRY ELEMENTS (KOHA)
Source of classification or shelving scheme Library of Congress Classification
Koha item type Books
Suppress in OPAC No
999 ## -
-- 1107
-- 1107
Holdings
Withdrawn status Lost status Source of classification or shelving scheme Damaged status Not for loan Collection Home library Current library Shelving location Date acquired Total checkouts Full call number Barcode Date last seen Copy number Price effective from Koha item type
    Library of Congress Classification     Non-fiction Undergraduate Library (Christ Temple) Undergraduate Library (Christ Temple) General stacks 11/13/2024   QC174.8B.365 BAR ulct00000291 11/13/2024 1 11/13/2024 Books
© 2023-2024 Copyright: Central University Libraries. All Rights Reserved | Created by: Mahone Tech Office